Groepen van 6 - Statistieken

Algemene statistieken
  • Deze quiz is 28 keer genomen
  • De gemiddelde score is 33 van 48
Antwoordstatistieken
Group Antwoord % Correct
Schaakstukken Koning
100%
Schaakstukken Koningin
100%
Schaakstukken Paard
100%
Schaakstukken Pion
96%
Originele lidstaten van de EU België
91%
Originele lidstaten van de EU Italië
91%
Originele lidstaten van de EU Nederland
91%
Landen aan de Zwarte Zee Turkije
91%
Landen met een windrichting in hun naam Noord-Korea
87%
Schaakstukken Toren
87%
Landen met een windrichting in hun naam Zuid-Korea
87%
Landen aan de Zwarte Zee Bulgarije
83%
Originele lidstaten van de EU Duitsland
83%
Originele lidstaten van de EU Frankrijk
83%
Schaakstukken Loper
83%
Steden met een Major Marathon New York
83%
Landen met een windrichting in hun naam Noord-Macedonië
83%
Categorieën van Nobelprijzen Vrede
83%
Landen met een windrichting in hun naam Zuid-Soedan
83%
Landen aan de Zwarte Zee Georgië
78%
Originele lidstaten van de EU Luxemburg
78%
Landen aan de Zwarte Zee Oekraïne
78%
Landen aan de Zwarte Zee Rusland
78%
Categorieën van Nobelprijzen Scheikunde
78%
Landen met een windrichting in hun naam Zuid-Afrika
78%
Categorieën van Nobelprijzen Natuurkunde
74%
Landen met een windrichting in hun naam Oost-Timor
74%
Hoofdsteden die beginnen met R Rome
74%
Categorieën van Nobelprijzen Literatuur
70%
Klassieke edelgassen Helium
65%
Landen aan de Zwarte Zee Roemenië
65%
Steden met een Major Marathon Londen
61%
Hoofdsteden die beginnen met R Reykjavik
61%
Hoofdsteden die beginnen met R Riga
61%
Steden met een Major Marathon Berlijn
57%
Klassieke edelgassen Neon
57%
Steden met een Major Marathon Boston
52%
Steden met een Major Marathon Tokio
52%
Klassieke edelgassen Argon
48%
Hoofdsteden die beginnen met R Riyad
43%
Klassieke edelgassen Xenon
43%
Categorieën van Nobelprijzen Geneeskunde
39%
Hoofdsteden die beginnen met R Rabat
35%
Steden met een Major Marathon Chicago
30%
Categorieën van Nobelprijzen Economie
30%
Klassieke edelgassen Radon
26%
Klassieke edelgassen Krypton
22%
Hoofdsteden die beginnen met R Roseau
22%
Geen overeenkomende quizzen gevonden
Scoreverdeling
Procent van Mensen met Elke Score
Percentiel versus Aantal Correcte Antwoorden
Uw Scoregeschiedenis
U heeft deze quiz nog niet genomen